Statistiche per REGIONI DELLA SPAGNA

Clicka qui per fare il quiz!

Statistiche generali

  • Questo quiz è stato fatto 120 volte
  • Il punteggio medio è 10 su 17

Statistiche sulle risposte

REGIONI% Corretto
ANDALUSIA
86%
CATALOGNA
85%
MADRID
77%
PAESI BASCHI
72%
VALENCIA
71%
GALIZIA
66%
ARAGONA
58%
ISOLE BALEARI
58%
ISOLE CANARIE
57%
ASTURIE
55%
MURCIA
52%
ESTREMADURA
49%
NAVARRA
46%
CASTIGLIA E LEON
42%
CASTIGLIA LA MANCIA
37%
CANTABRIA
35%
LA RIOJA
35%

Distribuzione punteggi

Percentile per numero di risposta

Percentuale di utenti per punteggio

I tuoi punteggi nel tempo

Non hai fatto questo quiz